| 000 | 00302nam a22000977a 4500 | ||
|---|---|---|---|
| 999 |
_c526697 _d526697 |
||
| 082 | _aSNT AAx54 W893 | ||
| 100 |
_aThe Art of living _946257 |
||
| 245 |
_aWorld culture festival: Uniting cultures celebrating diversity _bBy The Art of living |
||
| 260 |
_aBangalore _bSri Sri Publication |
||
| 300 | _a25p | ||